Electrical Design estimating and costing: (Record no. 91604)

MARC details
000 -LEADER
fixed length control field 00663nam a22001577a 4500
005 - DATE AND TIME OF LATEST TRANSACTION
control field 20150219153201.0
020 ## - INTERNATIONAL STANDARD BOOK NUMBER
Terms of availability 300.00
037 ## - SOURCE OF ACQUISITION
Stock number dpl
Source of stock number/acquisition Pansy/Ven
100 ## - MAIN ENTRY--PERSONAL NAME
Personal name Surjit Singh
245 ## - TITLE STATEMENT
Title Electrical Design estimating and costing:
Remainder of title for diploma students in electrical engineering,practising engineers, electrical supervisors, electrical wireman certificate course students and electrical installation engineers/
Statement of responsibility, etc by Surjit Singh [and] Ravi Deep Singh
260 ## - PUBLICATION, DISTRIBUTION, ETC. (IMPRINT)
Place of publication, distribution, etc Delhi
Name of publisher, distributor, etc Dhanpat Rai & Co.
Date of publication, distribution, etc 2014
270 ## - ADDRESS
Address D-13/12, Model Town
City Delhi
Postal code 110009
300 ## - PHYSICAL DESCRIPTION
Extent various pages.
Dimensions 23cm(pbk)
942 ## - ADDED ENTRY ELEMENTS (KOHA)
Source of classification or shelving scheme Dewey Decimal Classification
Item type English Books
Call number suffix SUR

No items available.


© Delhi Public Library
Hit Counter
free hit counter